000 00787nam0a22002411 4500
001 rc\1061
005 20250620110820.0
035 _a(NLR Aleph) 005291792
090 _a6197862
_c6197862
100 _a20021204d1996 |||y0rusy50 ca
101 0 _arus
102 _aRU
105 _ay |||||||||
200 1 _aМедиум
_e[Проза и стихи]
_fВил Авилецкин
210 _a[Обнинск]
_cПринтер
_d1996
215 _a141, [2] с.
_d20
300 _aНа 3-й с. обл. авт.: Вил Авилецкин - лит. псевд. Владимира Илларионовича Ларионова
700 1 _aАвилецкин
_bВ.
_gВил
801 0 _aRU
_bNLR
_gpsbo
801 1 _aRU
_bELAR
_2rusmarc
852 _aNLR
_j96-3/13366
942 _cBOOK
980 _aNB